Szczegóły MARC21

Oxford : popularny słownik angielsko-polski, polsko-angielski /

005 -DATA I CZAS OSTATNIEJ MODYFIKACJI [,]
    • @
    • pole kontrolne
    • 20150710113123.0
020 -Międzynarod. znormalizowany nr książki - ISBN [ , ]
    • a
    • Numer ISBN
    • 8371750943 Find
040 -Instytucja sporządzająca opis [ , ]
    • a
    • Instytucja, która sporządziła opis (NP)
    • SZCZ U/SA
    • c
    • Instytucja, która sporządziła rekord (NP)
    • SZCZ U/SA
    • d
    • Instytucja, która zmodyfikowała rekord (P)
    • SZCZ U/RJ
041 -Język dokumentu [0, ]
    • a
    • Język tekstu (P)
    • polski
    • a
    • Język tekstu (P)
    • angielski
044 -Kraj miejsca wydania [ , ]
    • a
    • Kraj miejsca wydania
    • Polska
942 -Rodzaj dokumentu [ , ]
    • c
    • Rodzaj dokumentu
    • Książka
100 -Hasło główne - nazwa osobowa [1, ]
    • 9
    • KHW
    • 644921
    • a
    • Nazwa osobowa (NP)
    • Hawkins, Joyce M.
245 -Strefa tytułu i oznaczenia odpowiedzialności [1,0]
    • a
    • Tytuł
    • Oxford : Find
    • b
    • Ciąg dalszy tytułu (NP)
    • popularny słownik angielsko-polski, polsko-angielski / Find
    • c
    • Pozostałe elementy strefy tytułu i oznaczenia odpowiedzialności (NP)
    • oprac. Joyce M. Hawkins, Elżbieta i Grzegorz Mizera.
246 -Wariant tytułu [1, ]
    • i
    • Tekst wyświetlany na ekranie monitora (NP)
    • Tyt. oryg.:
    • a
    • Tytuł (NP)
    • Oxford school dictionary
246 -Wariant tytułu [3,0]
    • a
    • Tytuł (NP)
    • Popularny słownik angielsko-polski, polsko-angielski
260 -Strefa adresu wydawniczego [ , ]
    • a
    • Miejsce wydania (P)
    • Warszawa :
    • b
    • Nazwa wydawcy (P)
    • Oficyna Wydawnicza Delta W-Z,
    • c
    • Data wydania (P)
    • [2003?].
300 -Strefa opisu fizycznego [ , ]
    • a
    • Określenie formy książki i/lub objętość (NP)
    • XX, [1373] s. pag. varia :
    • b
    • Oznaczenie ilustracji (NP)
    • il. ;
    • c
    • Format (NP)
    • 21 cm
500 -Uwaga ogólna [ , ]
    • a
    • Uwaga ogólna (NP)
    • Na okł.: "60000 haseł, współczesne słownictwo, etymologia. Nowy słownik, łatwy w użyciu".
500 -Uwaga ogólna [ , ]
    • a
    • Uwaga ogólna (NP)
    • Druk dwuszpaltowy.
080 -Uniwersalna Klasyfikacja Dziesiętna [ , ]
    • 2
    • Identyfikator wydania tablic
    • UDC-P058
    • 9
    • UKD
    • 47393
    • a
    • Symbol klasyfikacji
    • 811.162.1:811.111]'374
    • b
    • Dopowiedzenie
    • Słownik polsko-angielski i angielsko-polski.
980 -Symbol UKD [ , ]
    • a
    • UKD
    • 811.162.1:811.111]'374
700 -Hasło dodatkowe - nazwa osobowa [1, ]
    • 9
    • KHW
    • 83428
    • a
    • Nazwa osobowa (NP)
    • Mizera, Elżbieta. Find
700 -Hasło dodatkowe - nazwa osobowa [1, ]
    • 9
    • KHW
    • 83429
    • a
    • Nazwa osobowa (NP)
    • Mizera, Grzegorz. Find
710 -Hasło dodatkowe - nazwa ciała zbiorowego [2, ]
    • 4
    • Kod relacji
    • pbl
    • 9
    • KHW
    • 78262
    • a
    • Nazwa ciała zbiorowego lub nazwa geograficzna jako pierwszy element (NP)
    • Wydawnictwo Oświatowe Delta W-Z.
920 -ISBN [ , ]
    • a
    • ISBN
    • 83-7175-094-3 Find
Data inwentaryzacji Lokalizacja Sygnatura Numer inwentarzowy Status udost.
2014-11-19TT.18444T.18444-2